| 000 | 01020cam a2200217 4500 | ||
|---|---|---|---|
| 001 | WB3739-33 | ||
| 008 | 011016n2001 000 0 eng u | ||
| 035 | _a(Sirsi) u115137 | ||
| 245 | _aRoyal Society calls for evidence | ||
| 260 | _c2001 | ||
| 490 |
_aRoyal Society News Release _v 11 October 2001 (4) |
||
| 520 | _aThe Royal Society is inviting detailed evidence, following its initial call for views, for its Inquiry into Infectious Diseases in Livestock. For further information on the inquiry and how to send in material see http://www.royalsoc.ac.uk/inquiry/index.html. Responses must be received no later than 30 November 2001 to the Inquiry Adminstrator, Saskia Gretton, [email protected], tel +44 [0[20 7451 2562 or fax +44 [0] 20 7451 2692. | ||
| 590 | _aWB | ||
| 650 | _aPROPERTY-RURAL AND NATURAL ASSETS-AGRICULTURAL PROPERTY-LIVESTOCK | ||
| 650 | _aANIMAL HEALTH | ||
| 650 | _aFARMING | ||
| 650 | _aDISEASES | ||
| 650 | _aINQUIRIES | ||
| 690 | _aRURAL-AGRICULTURE AND FORESTRY | ||
| 942 | _n0 | ||
| 999 |
_c68573 _d68573 |
||